[Event "CRO-chT U20 29th"]
[Site "Cakovec"]
[Date "2020.07.16"]
[Round "5.1"]
[White "Cvitan, Ena"]
[Black "Matota, Dominik"]
[Result "1-0"]
[WhiteElo "2258"]
[BlackElo "1807"]
[PlyCount "91"]
[EventDate "2020.07.14"]
[EventType "team-tourn"]
[EventRounds "11"]
[EventCountry "CRO"]
[SourceTitle "CBM 197 Extra"]
[Source "ChessBase"]
[SourceDate "2020.09.30"]
[SourceVersion "1"]
[SourceVersionDate "2020.09.30"]
[SourceQuality "1"]
[WhiteTeam "Rijeka Liburnija U20"]
[BlackTeam "Osijek Ferit U20"]
[WhiteTeamCountry "CRO"]
[BlackTeamCountry "CRO"]

1. d4 Nf6 2. c4 g6 3. Nc3 Bg7 4. e4 d6 5. h3 0-0 6. Be3 e5 7. d5 Na6 8. Nf3 Bd7 9. g4 c6 10. Nd2 cxd5 11. cxd5 Nc7 12. Be2 b5 13. b4 a5 14. a3 axb4 15. axb4 Rxa1 16. Qxa1 Qa8 17. 0-0 Rb8 18. Nb3 Nfe8 19. Na5 h5 20. Qb2 hxg4 21. Ra1 Na6 22. hxg4 Nec7 23. Qb3 Kf8 24. Rc1 f5 25. f3 fxg4 26. fxg4 Rc8 27. Kg2 Nb8 28. Ra1 Ke8 29. Ra2 Nba6 30. Rc2 Nb8 31. Nxb5 Nxb5 32. Rxc8+ Bxc8 33. Bxb5+ Kf8 34. Qc4 Bd7 35. Bxd7 Nxd7 36. Qc6 Qd8 37. Qxd6+ Kg8 38. Nc6 Qh4 39. Qxd7 Qe1 40. Ne7+ Kh7 41. g5 Qe2+ 42. Bf2 Qxe4+ 43. Kg1 Qf3 44. Qe6 Qd1+ 45. Kg2 Qc2 46. Qg8# 1-0

[Event "CRO-chT U20 29th"]
[Site "Cakovec"]
[Date "2020.07.15"]
[Round "3.2"]
[White "Borzan, Andrej"]
[Black "Matota, Dominik"]
[Result "1/2-1/2"]
[WhiteElo "1983"]
[BlackElo "1807"]
[PlyCount "77"]
[EventDate "2020.07.14"]
[EventType "team-tourn"]
[EventRounds "11"]
[EventCountry "CRO"]
[SourceTitle "CBM 197 Extra"]
[Source "ChessBase"]
[SourceDate "2020.09.30"]
[SourceVersion "1"]
[SourceVersionDate "2020.09.30"]
[SourceQuality "1"]
[WhiteTeam "Strigova Stridon U20"]
[BlackTeam "Osijek Ferit U20"]
[WhiteTeamCountry "CRO"]
[BlackTeamCountry "CRO"]

1. d4 Nf6 2. c4 g6 3. Nc3 Bg7 4. e4 d6 5. Nf3 0-0 6. Be3 Nbd7 7. Qd2 e5 8. Bh6 exd4 9. Nxd4 Nc5 10. Bxg7 Kxg7 11. f3 Re8 12. Be2 Nh5 13. 0-0-0 Bd7 14. g4 Nf6 15. h4 h5 16. gxh5 Nxh5 17. Rdg1 Rh8 18. Rg5 Nf6 19. Nd5 Nxd5 20. cxd5 Qf6 21. h5 Rae8 22. b4 Rxe4 23. fxe4 Nxe4 24. Qe3 Qxg5 25. Qxg5 Nxg5 26. Rg1 Nh3 27. Rg3 Nf4 28. hxg6 Nxe2+ 29. Nxe2 fxg6 30. Nd4 Rh4 31. Rc3 Rxd4 32. Rxc7 Rxb4 33. Rxd7+ Kf6 34. Rxd6+ Kf5 35. Rd7 g5 36. Kc2 g4 37. Kc3 Rb6 38. Rf7+ Ke5 39. Rg7 1/2-1/2

[Event "Osijek Baranja CupT 13th"]
[Site "Valpovo"]
[Date "2020.02.22"]
[Round "3.2"]
[White "Matota, Dominik"]
[Black "Huis, Dinko"]
[Result "0-1"]
[WhiteElo "1776"]
[BlackElo "2145"]
[PlyCount "49"]
[EventDate "2020.02.21"]
[EventType "team-swiss"]
[EventRounds "5"]
[EventCountry "CRO"]
[SourceTitle "EXT 2023"]
[Source "ChessBase"]
[SourceDate "2022.10.05"]
[SourceVersion "1"]
[SourceVersionDate "2022.10.05"]
[SourceQuality "1"]
[WhiteTeam "Osijek Ferit II"]
[BlackTeam "Belisce"]
[WhiteTeamCountry "CRO"]
[BlackTeamCountry "CRO"]

1. e4 c5 2. Nf3 d6 3. d4 cxd4 4. Nxd4 Nf6 5. Nc3 a6 6. Be2 e5 7. Nb3 Be7 8. f3 Be6 9. Be3 0-0 10. g4 Nbd7 11. h4 Nb6 12. h5 Nfd7 13. Rh2 Bh4+ 14. Bf2 Bxf2+ 15. Rxf2 Nf6 16. Qd2 d5 17. exd5 Nfxd5 18. 0-0-0 Qc7 19. Nxd5 Nxd5 20. Bd3 Rac8 21. Kb1 Nf4 22. Qe3 Rfd8 23. Rfd2 Nxd3 24. Rxd3 Qxc2+ 25. Ka1 0-1

[Event "Osijek Baranja CupT 13th"]
[Site "Valpovo"]
[Date "2020.02.21"]
[Round "1.3"]
[White "Matota, Dominik"]
[Black "Safranko, Zeljko"]
[Result "1-0"]
[WhiteElo "1776"]
[BlackElo "1851"]
[PlyCount "67"]
[EventDate "2020.02.21"]
[EventType "team-swiss"]
[EventRounds "5"]
[EventCountry "CRO"]
[SourceTitle "EXT 2023"]
[Source "ChessBase"]
[SourceDate "2022.10.05"]
[SourceVersion "1"]
[SourceVersionDate "2022.10.05"]
[SourceQuality "1"]
[WhiteTeam "Osijek Ferit II"]
[BlackTeam "Valpovo HC"]
[WhiteTeamCountry "CRO"]
[BlackTeamCountry "CRO"]

1. e4 c5 2. Nf3 Nc6 3. d4 cxd4 4. Nxd4 g6 5. Nc3 Bg7 6. Be3 d6 7. Be2 Nf6 8. Nb3 Be6 9. Qd2 0-0 10. f3 Ne5 11. g4 a6 12. Nd4 Bc4 13. g5 Nfd7 14. f4 Bxe2 15. Qxe2 Nc6 16. 0-0-0 Qa5 17. Nb3 Qd8 18. h4 Rc8 19. h5 Nb4 20. Kb1 d5 21. hxg6 fxg6 22. Nd4 Rf7 23. Ne6 Qe8 24. Nxg7 Rxg7 25. f5 gxf5 26. exf5 Qf7 27. g6 hxg6 28. fxg6 Rxg6 29. Qh5 Qg7 30. Rdg1 Ne5 31. Rxg6 Nxg6 32. Rg1 Kf7 33. Qf5+ Qf6 34. Qxc8 1-0

[Event "Valpovo U18 12th"]
[Site "Valpovo"]
[Date "2019.12.13"]
[Round "1.2"]
[White "Topalic, Fran"]
[Black "Matota, Dominik"]
[Result "1-0"]
[WhiteElo "1756"]
[BlackElo "1776"]
[PlyCount "85"]
[EventDate "2019.12.13"]
[EventType "tourn (rapid)"]
[EventRounds "7"]
[EventCountry "CRO"]
[SourceTitle "EXT 2023"]
[Source "ChessBase"]
[SourceDate "2022.10.05"]
[SourceVersion "1"]
[SourceVersionDate "2022.10.05"]
[SourceQuality "1"]

1. e4 e5 2. Nf3 Nc6 3. Bc4 Bc5 4. c3 Nf6 5. d3 d6 6. a4 a5 7. 0-0 Be6 8. Nbd2 0-0 9. h3 Qd7 10. Re1 Rad8 11. Bb5 Qe7 12. Nc4 Bxc4 13. Bxc4 d5 14. exd5 Nxd5 15. Qe2 Rfe8 16. Qe4 Nf6 17. Qf5 Qd6 18. Ng5 Re7 19. Ne4 Nxe4 20. Rxe4 Qd7 21. Qh5 g6 22. Qh4 Ree8 23. Bg5 Be7 24. Bxe7 Qxe7 25. Qh6 Qf8 26. Qe3 Kh8 27. Bb5 Qd6 28. Re1 f6 29. d4 Re7 30. Bxc6 bxc6 31. dxe5 fxe5 32. Rxe5 Rxe5 33. Qxe5+ Qxe5 34. Rxe5 Rd7 35. Rxa5 Rd1+ 36. Kh2 Rd2 37. b4 Rxf2 38. Rc5 Rf6 39. a5 Kg7 40. a6 Rf8 41. Rxc6 Rc8 42. a7 Kf7 43. Rxc7+ 1-0

[Event "CRO-ch U17/U19"]
[Site "Vinkovci"]
[Date "2019.07.25"]
[Round "5"]
[White "Dabic, Stjepan"]
[Black "Matota, Dominik"]
[Result "1-0"]
[WhiteElo "2102"]
[BlackElo "1787"]
[PlyCount "79"]
[EventDate "2019.07.22"]
[EventType "swiss"]
[EventRounds "9"]
[EventCountry "CRO"]
[SourceTitle "EXT 2020"]
[Source "ChessBase"]
[SourceDate "2019.10.17"]
[SourceVersion "1"]
[SourceVersionDate "2019.10.17"]
[SourceQuality "1"]

1. d4 d6 2. c4 e5 3. Nc3 Be7 4. Nf3 exd4 5. Qxd4 Nf6 6. e4 Nc6 7. Qd2 0-0 8. Be2 Re8 9. 0-0 Bg4 10. h3 Bh5 11. Nd4 Bxe2 12. Ndxe2 Bf8 13. Ng3 Ne5 14. b3 c6 15. Bb2 Qc7 16. Rad1 Rad8 17. Qc2 d5 18. f4 Neg4 19. Bc1 Bc5+ 20. Kh1 Nf2+ 21. Rxf2 Bxf2 22. Qxf2 dxe4 23. Re1 Qb6 24. Be3 Qb4 25. Nce2 b6 26. Nd4 Rc8 27. Ngf5 Qf8 28. Qh4 Kh8 29. g4 Ng8 30. g5 a6 31. Ne2 c5 32. Bc1 f6 33. Bb2 Rc6 34. Neg3 Ree6 35. Nh5 Rc7 36. Rg1 b5 37. Nhxg7 Rxg7 38. Nxg7 Qxg7 39. gxf6 Qf7 40. Rg7 1-0

[Event "Osijek op 12th"]
[Site "Osijek"]
[Date "2019.02.24"]
[Round "7.10"]
[White "Marjanovics, Gyorgy"]
[Black "Matota, Dominik"]
[Result "1-0"]
[WhiteElo "2034"]
[BlackElo "1530"]
[PlyCount "63"]
[EventDate "2019.02.21"]
[EventType "swiss"]
[EventRounds "7"]
[EventCountry "CRO"]
[SourceTitle "EXT 2023"]
[Source "ChessBase"]
[SourceDate "2022.10.05"]
[SourceVersion "1"]
[SourceVersionDate "2022.10.05"]
[SourceQuality "1"]

1. e4 e5 2. Nf3 Nc6 3. Bb5 Bc5 4. 0-0 d6 5. c3 a6 6. Ba4 b5 7. Bb3 Bg4 8. d3 Nge7 9. Bxf7+ Kd7 10. Bb3 Rf8 11. Nbd2 Na5 12. Nxe5+ dxe5 13. Qxg4+ Ke8 14. Bc2 Qd6 15. b4 Bxf2+ 16. Rxf2 Qb6 17. Nf3 Nac6 18. Bg5 h6 19. Bxe7 Nxe7 20. Qh5+ Ng6 21. Raf1 Kd8 22. d4 Nf4 23. Qxe5 Qd6 24. Kh1 Qc6 25. d5 Qd7 26. Nd4 Kc8 27. Rxf4 Rxf4 28. Qxf4 Kb7 29. e5 a5 30. Nc6 axb4 31. Qxb4 Qxd5 32. Be4 1-0

[Event "Osijek op 12th"]
[Site "Osijek"]
[Date "2019.02.21"]
[Round "2.22"]
[White "Matota, Dominik"]
[Black "Oreskovic, Pero"]
[Result "1-0"]
[WhiteElo "1530"]
[BlackElo "1892"]
[PlyCount "43"]
[EventDate "2019.02.21"]
[EventType "swiss"]
[EventRounds "7"]
[EventCountry "CRO"]
[SourceTitle "EXT 2023"]
[Source "ChessBase"]
[SourceDate "2022.10.05"]
[SourceVersion "1"]
[SourceVersionDate "2022.10.05"]
[SourceQuality "1"]

1. e4 g6 2. d4 Bg7 3. Nf3 d6 4. Nc3 Nf6 5. Be3 0-0 6. Qd2 Re8 7. 0-0-0 b5 8. Bxb5 c6 9. Ba4 Qa5 10. Bb3 Na6 11. h4 h5 12. Ng5 e6 13. d5 cxd5 14. exd5 e5 15. Nce4 Qc7 16. Nxf6+ Bxf6 17. Ne4 Bg7 18. Bh6 Bh8 19. Qg5 Qd8 20. Ba4 Bd7 21. Bxd7 Qxg5+ 22. Bxg5 1-0

[Event "SSOBZ Cup Team 12th"]
[Site "Valpovo"]
[Date "2019.02.16"]
[Round "3.2"]
[White "Matota, Dominik"]
[Black "Martinovic, Zvonimir"]
[Result "0-1"]
[WhiteElo "1503"]
[BlackElo "1833"]
[PlyCount "68"]
[EventDate "2019.02.15"]
[EventType "team-swiss"]
[EventRounds "5"]
[EventCountry "CRO"]
[SourceTitle "CBM 189 Extra"]
[Source "ChessBase"]
[SourceDate "2019.06.03"]
[SourceVersion "1"]
[SourceVersionDate "2019.06.03"]
[SourceQuality "1"]
[WhiteTeam "Osijek Ferit II"]
[BlackTeam "Valpovo HC"]
[WhiteTeamCountry "CRO"]
[BlackTeamCountry "CRO"]

1. e4 c5 2. Nf3 a6 3. Nc3 d6 4. d4 cxd4 5. Nxd4 Nf6 6. Bd3 Nc6 7. Be3 e5 8. Nb3 d5 9. exd5 Nxd5 10. Nxd5 Qxd5 11. 0-0 Be7 12. f3 f5 13. Qe2 b5 14. Rad1 Qf7 15. c4 Nb4 16. cxb5 Nxd3 17. Qxd3 0-0 18. b6 Be6 19. Nd2 Bb4 20. a3 Rfd8 21. Qc2 f4 22. Bf2 Rac8 23. Qe4 Bxd2 24. Qxe5 Bb3 25. Rxd2 Rxd2 26. b7 Qxb7 27. Qxf4 Rcc2 28. Re1 Bf7 29. Qg5 h6 30. Qh4 Rxf2 31. Qd8+ Kh7 32. Re7 Rxg2+ 33. Kf1 Qxf3+ 34. Ke1 Rg1# 0-1

[Event "CRO-ch U15"]
[Site "Trogir"]
[Date "2018.06.17"]
[Round "2"]
[White "Matota, Dominik"]
[Black "Maravic, Ivan"]
[Result "0-1"]
[WhiteElo "1490"]
[BlackElo "1707"]
[PlyCount "52"]
[EventDate "2018.06.16"]
[EventType "swiss"]
[EventRounds "9"]
[EventCountry "CRO"]
[SourceTitle "EXT 2019"]
[Source "ChessBase"]
[SourceDate "2018.10.10"]
[SourceVersion "1"]
[SourceVersionDate "2018.10.10"]
[SourceQuality "1"]

1. e4 e5 2. Nf3 Nc6 3. Bb5 a6 4. Ba4 Nf6 5. d3 b5 6. Bb3 Be7 7. Nc3 0-0 8. 0-0 d6 9. h3 Na5 10. Be3 Nxb3 11. axb3 Bb7 12. Nd2 d5 13. exd5 Nxd5 14. Nxd5 Bxd5 15. c4 Bc6 16. Ne4 f5 17. Nc5 f4 18. Ne6 Qd6 19. Nxf8 fxe3 20. Nxh7 Qg6 21. Qg4 Qxg4 22. hxg4 exf2+ 23. Kxf2 Kxh7 24. Kg3 Kg6 25. Kh3 Rh8+ 26. Kg3 Bh4+ 0-1

[Event "Valpovo op U20 13th rap"]
[Site "Valpovo"]
[Date "2016.12.11"]
[Round "7"]
[White "Salai, Nino"]
[Black "Matota, Dominik"]
[Result "1-0"]
[WhiteElo "1556"]
[BlackElo "1340"]
[PlyCount "53"]
[EventDate "2016.12.09"]
[EventType "swiss (rapid)"]
[EventRounds "7"]
[EventCountry "CRO"]
[SourceTitle "EXT 2019"]
[Source "ChessBase"]
[SourceDate "2018.10.10"]
[SourceVersion "1"]
[SourceVersionDate "2018.10.10"]
[SourceQuality "1"]

1. e4 e5 2. Nf3 Nc6 3. Bc4 Bc5 4. c3 Nf6 5. d4 exd4 6. cxd4 Bb4+ 7. Nc3 Nxe4 8. 0-0 Nxc3 9. bxc3 Ba5 10. Re1+ Ne7 11. Qb3 0-0 12. Ba3 d6 13. Ng5 d5 14. Rxe7 dxc4 15. Qxc4 Be6 16. Rxe6 Qd7 17. Re5 b5 18. Rxb5 Bb6 19. Bxf8 Rxf8 20. Qd3 g6 21. Qh3 Qxh3 22. Nxh3 Rd8 23. Re1 c6 24. Rbe5 Kg7 25. Ng5 Bc7 26. Re7 Bf4 27. Ne6+ 1-0